Дело о пожалованных подарках артистам и прочим лицам

Доступно только в Электронных читальных залах Найти на картеНа карте
RUSMARC
00003721nmc2a22000003x 450
001b3a22808-604e-42c3-954f-b2fa9eee9551
00520181226121430.0
100##$a20170628l18471847k l0rusy0189 ca
1010#$arus
102##$aRU
2001#$aДело о пожалованных подарках артистам и прочим лицам
$j31 января - 19 декабря 1847 г.
251##$cДело
300##$aПо Канцелярии директора за 1847 год
300##$aДело
801#0$aRU
$bРГИА
$c20170628
$gRCR
801#1$aRU
$bГлавНИВЦ
$c20170628
$2rusmarc
801#2$aRU
$bПБ им. Б.Н. Ельцина
$c20181226
$gRCR
$2rusmarc
850##$aРГИА
852##$aРГИА
$eФедеральное казенное учреждение "Российский государственный исторический архив" (РГИА)
$j11458
937##$hРГИА
$d12247357
$aASBIBLIO_SCAN
462#0$1001dd3991dc-24e1-42ec-8838-ca4255420416
$12001
$aДирекция императорских театров (1746-1850 гг.)
$1251
$cОпись
$1852
$j1
461#0$10019264ebf8-de62-4f1a-9eb4-9f22098dbbd5
$12001
$aДирекция императорских театров Министерства императорского двора
$1251
$cФонд
$1852
$j497
215##$a63 л.
$d36,5х26 см
371##$aДокумент не является опубликованным и широко распространяемым
105##$ay###
1222#$ad
035##$ab3a22808-604e-42c3-954f-b2fa9eee9551
856##$uhttp://readingroom.main.prlib.ru/item.aspx?id_node=n122428227&mode=full
Формат отображения